000 00267nam a2200109Ia 4500
008 190216s9999||||xx |||||||||||||| ||und||
100 _aNull
245 0 _aText Book Of Economic Theory
260 _bThe English Language Book Society
650 _aEconomics
942 _cBK
999 _c9193
_d9193